WWE Wrestlers Chain - Statistics

General Stats
  • This quiz has been taken 121 times
  • The average score is 13 of 15
Answer Stats
Hint Answer % Correct
He is a visionary, he is a revolutionary, and he was also the Shield's Architect Seth Rollins
99%
54-time 24/7 Champion, really wants to know what's up R-Truth
97%
The Macho Man, wants you to snap into a Slim Jim Randy Savage
92%
One half of the Alpha Academy, enjoys caterpillars Otis
91%
Legend has it that this canadian wrestler and former Honorary Uce wrestled as El Generico before making his way to WWE Sami Zayn
91%
Former leader of the Bullet Club stable, this wrestler is phenomenal AJ Styles
89%
The Drifter, depending on who you ask is also his "twin brother" Ezekiel Elias
88%
Part of the Anoa'i family through marriage, this wrestler enjoys to feel the glow Naomi
88%
Late, great, and lovable liar, cheater, and stealer Eddie Guerrero
87%
The small illegitimate son of Vince McMahon... or Finlay... or he's the Anonymous Raw General Manager. Hornswoggle
80%
The Queen of Spades, former MMA fighter with a 3rd degree black belt in Brazilian jiu-jitsu Shayna Baszler
76%
Daughter of Jim "The Anvil" Neidhart, holder of many records in WWE, including having wrestled the most amount of women's matches Natalya
75%
Leader of Legado Del Fantasma, also wrestled in NXT as El Hijo del Fantasma Santos Escobar
72%
Former member of the Riott Squad, her theme song implores you to watch her Liv Morgan
67%
Member of The Way stable, her romance with Dexter Lumis was put by Vic Joseph as "The greatest love story NXT ever told" Indi Hartwell
60%
No matching quizzes found
Score Distribution
Percent of People with Each Score
Percentile by Number Answered
Your Score History
You have not taken this quiz